00698 2200253 4500001002100000005001700021008004100038020002200079035002500101040001200126082001700138090001900155100001700174245005500191250001000246260005000256300003000306650002000336700002200356850001200378990001800390990001800408990001800426INLIS00000000000451820150803092802.0  a978-979-461-850-9 a0010-041500000001584 aYOPDYOG 223a899.2213 b899.2213 Ham L aHAMSUN, Knut aLaparc/ Knut Hamsun; Penerjemah, Marianne Katoppo aEd. 1 aJakartabYayasan Pustaka Obor Indonesiac2013 axxii, 284 hlm.c; 18,5 cm aFiksi Indonesia aKATOPPO, Marianne aYOPDYOG a11868-PD/B.15 a11869-PD/B.15 a11870-PD/B.15